00401nam a2200157Ia 450000500170000000800410001702000150005805000250007310000210009824500380011926000320015730000330018944000060022252100070022852600080023520140311163057.0140130s9999 xx 000 0 und d a043911425X aPZ 90.H55b.K43 2000 aKeats, Ezra Jack cKeats, Ezra JackaPeter's chair / bScholastic,c2000.aU.S.A : a31 p. :bcol. ill. ;c22 cm. v1 aG2 c390